书目信息 |
| 题名: |
造型艺术中的形式问题
|
|
| 作者: | 希尔德勃兰特 著 ;潘耀昌 译 | |
| 分册: | ||
| 出版信息: | 北京 中国人民大学出版社 2004 |
|
| 页数: | 140页 | |
| 开本: | 23cm | |
| 丛书名: | 朗朗书房 | |
| 单 册: | ||
| 中图分类: | J306 | |
| 科图分类: | ||
| 主题词: | 雕塑理论--造型(艺术)--研究 , 造型(艺术) , 雕塑理论 | |
| 电子资源: | ||
| ISBN: | 7-300-05554-0 | |
| 000 | 01145oam2 2200301 450 | |
| 001 | 002745443 | |
| 005 | 20070805180459.50 | |
| 010 | @a7-300-05554-0@dCNY16.80 | |
| 100 | @a20041028d2004 kemy0chiy0110 ea | |
| 101 | 1 | @achi@cger |
| 102 | @aCN@b110000 | |
| 105 | @aa z 000yy | |
| 200 | 1 | @a造型艺术中的形式问题@9zao xing yi shu zhong de xing shi wen ti@f(德)阿道夫·希尔德勃兰特(Adolf Von Hilderbrand)著@g潘耀昌等译 |
| 210 | @a北京@c中国人民大学出版社@d2004@h2006 | |
| 215 | @a140页@c图@d23cm | |
| 225 | 0 | @a朗朗书房@i西方艺术史论名著 |
| 308 | @a丛书第一辑 | |
| 330 | @a本书作者提出了一个以古典时代遵循的艺术规则为基础的审美体系,探讨了雕塑的结构、手法等纯形式问题,几乎完全不涉及作品的思想内涵和具体内容问题。 | |
| 462 | 0 | @12001 @a朗朗书房@i西方艺术史论名著 |
| 510 | 1 | @aDas Problem der Form in der Bildenden Kunst@zger |
| 606 | 0 | @a雕塑理论@x造型(艺术)@x研究 |
| 606 | 0 | @a造型(艺术) |
| 606 | 0 | @a雕塑理论 |
| 690 | @aJ306@v4 | |
| 701 | 0 | @c(德)@a希尔德勃兰特@9xi er de bo lan te@c(Hilderbrand, Adolf Von@f1847~1921)@4著 |
| 702 | 0 | @a潘耀昌@9pan yao chang@4译 |
| 801 | 0 | @aCN@bNLC@c20070805 |
| 905 | @a10447@dJ306@e27 | |
| 造型艺术中的形式问题/(德)阿道夫·希尔德勃兰特(Adolf Von Hilderbrand)著/潘耀昌等译.-北京:中国人民大学出版社,2004(2006) |
| 140页:图;23cm.-(朗朗书房.西方艺术史论名著) |
| ISBN 7-300-05554-0:CNY16.80 |
| 本书作者提出了一个以古典时代遵循的艺术规则为基础的审美体系,探讨了雕塑的结构、手法等纯形式问题,几乎完全不涉及作品的思想内涵和具体内容问题。 |
| ● |
| 相关链接 |
|
|
|
|
正题名:造型艺术中的形式问题
索取号:J306/27
 
预约/预借
| 序号 | 登录号 | 条形码 | 馆藏地/架位号 | 状态 | 备注 |
| 1 | 0805509 | 208055094 | 第一样本阅览室/ [索取号:J306/27] | 在馆 | |
| 2 | 0805510 | 208055101 | 第一借阅区/ [索取号:J306/27] | 在馆 | |
| 3 | 0805511 | 208055110 | 第一借阅区/ [索取号:J306/27] | 在馆 | |
| 4 | 0805512 | 208055129 | 第一借阅区/ [索取号:J306/27] | 在馆 | |
| 5 | 0805513 | 208055138 | 第一借阅区/ [索取号:J306/27] | 在馆 | |
| 6 | 0805514 | 208055147 | 第一借阅区/ [索取号:J306/27] | 在馆 | |
| 7 | 0805515 | 208055156 | 第一借阅区/ [索取号:J306/27] | 在馆 | |
| 8 | 0805516 | 208055165 | 密集书库-美术系/ [索取号:J306/27] | 在馆 | |
| 9 | 0805517 | 208055174 | 密集书库-美术系/ [索取号:J306/27] | 在馆 | |
| 10 | 0805518 | 208055183 | 密集书库-美术系/ [索取号:J306/27] | 在馆 |